France.

Bibliographic Details
Corporate Author: Pneu Michelin (Firm)
Format: Map
Language:English
Published: Watford : Michelin, 2000.
Edition:28th ed.
Series:Michelin map ; no. 989
Subjects:

MARC

Tag First Indicator Second Indicator Subfields
LEADER 00000cem a2200000M 4500
001 in00002669607
005 20151202093629.0
008 040325s2000 xxk a 1 eng d
034 1 |a a  |b 1000000 
035 |a (OCoLC)ocn316386072 
035 |a (OCoLC)316386072 
040 |a NLE  |c NLE  |d TXA  |d UtOrBLW 
049 |a TXAM 
090 |a G5831.P2 2000  |b .P54 
110 2 |a Pneu Michelin (Firm) 
245 1 0 |a France. 
250 |a 28th ed. 
255 |a Scale 1:1,000,000. 
264 1 |a Watford :  |b Michelin,  |c 2000. 
300 |a 1 map :  |b color ;  |c 73 x 130 cm. 
336 |a cartographic image  |b cri  |2 rdacontent 
337 |a unmediated  |b n  |2 rdamedia 
338 |a sheet  |b nb  |2 rdacarrier 
490 0 |a Michelin map ;  |v no. 989 
500 |a Cover title. 
500 |a Includes index. 
500 |a Insets: Snowbound roads. 
500 |a Cartographic material. 
650 0 |a Roads  |z France  |v Maps. 
948 |a cataloged  |b h  |c 2010/11/2  |d c  |e jgreene  |f 2:23:45 pm 
994 |a C0  |b TXA 
999 |a MARS 
999 f f |s dfb56b0c-a18c-3d0e-9e49-a2fc13ef1a84  |i 7f0dd9a5-417e-3987-bd07-3bc6008fcb2b  |t 0 
952 f f |p normal  |a Texas A&M University  |b College Station  |c Sterling C. Evans Library  |d Evans: Maps (2nd floor)  |t 0  |e G5831.P2 2000 .P54  |h Library of Congress classification  |i unmediated -- sheet  |m A14834167019 
998 f f |a G5831.P2 2000 .P54  |t 0  |l Evans: Maps (2nd floor)